Filosofía del derecho o derecho natural. Dispuesto para servir de introducción a las ciencias legales
Uloženo v:
| Hlavní autor: | |
|---|---|
| Médium: | Kniha |
| Jazyk: | španělština |
| Vydáno: |
Santiago, Chile:
Jurídica de Chile,
1966.
|
| Vydání: | Tercera edición. |
| Edice: | Clásicos del Derecho.
|
| Témata: | |
| Tagy: |
Přidat tag
Žádné tagy, Buďte první, kdo vytvoří štítek k tomuto záznamu!
|
MARC
| LEADER | 00000nam a2200000 a 4500 | ||
|---|---|---|---|
| 001 | UCZ3341 | ||
| 003 | CL-VaPUC | ||
| 005 | 20220822114327.0 | ||
| 008 | 951020t19660000CL |||||||||||||||||spa|d | ||
| 999 | |c 239824 |d 239822 | ||
| 040 | |c Pontificia Universidad Católica de Valparaíso | ||
| 082 | 0 | 4 | |a 340.1 FER 1966 |2 22 |
| 100 | |a Fernández Concha, Rafael |e autor |9 438234 | ||
| 245 | 1 | 0 | |a Filosofía del derecho o derecho natural. |b Dispuesto para servir de introducción a las ciencias legales |
| 250 | |a Tercera edición. | ||
| 260 | |a Santiago, Chile: |b Jurídica de Chile, |c 1966. | ||
| 300 | |a 2 Tomos. | ||
| 490 | 0 | |a Clásicos del Derecho. | |
| 500 | |a c.3 Tomo I: Donación Familia Prof. Alejandro Guzmán Brito. | ||
| 583 | |a last modification |c 19951020 00:00:00 |k Rodrigo Vera | ||
| 650 | 0 | |a Filosofía del derecho |9 255050 | |
| 650 | 0 | |a Derecho natural |9 255041 | |
| 650 | 0 | |a Jurisprudencia |9 255952 | |
| 942 | |c BK |2 ddc |n 0 | ||
| 945 | |d 19951020 00:00:00 |a cmena | ||
| 952 | |0 0 |1 0 |4 0 |6 340_100000000000000_FER_1966 |7 0 |8 P |9 251248 |a BIBEDU |b BIBEDU |c BIBEDU_PB |d 2019-11-18 |h v.1 |i 1585819 |o 340.1 FER 1966 |p 1585819 |r 2024-01-25 |w 2019-11-18 |y BK |k FIL | ||
| 952 | |0 0 |1 0 |4 0 |6 340_100000000000000_FER_1966 |7 0 |8 P |9 251249 |a BIBEDU |b BIBEDU |c BIBEDU_PB |d 2019-11-18 |h v.2 |i 1585827 |o 340.1 FER 1966 |p 1585827 |r 2024-01-25 |w 2019-11-18 |y BK |k FIL | ||
| 952 | |0 0 |1 0 |4 0 |6 340_100000000000000_FER_1966 |7 0 |8 DER_TF |9 251250 |a BIBDER |b BIBDER |d 2019-11-18 |h v.1 |i 1884034 |o 340.1 FER 1966 |p 1884034 |r 2023-01-25 |w 2019-11-18 |x Ubicación 4to Piso |y BK |z Estos recursos deben solicitarse con anticipación |k DER | ||
| 952 | |0 0 |1 0 |4 0 |6 340_100000000000000_FER_1966 |7 0 |8 DER_TF |9 251251 |a BIBDER |b BIBDER |d 2019-11-18 |h v.2 |i 1884085 |o 340.1 FER 1966 |p 1884085 |r 2023-01-25 |w 2019-11-18 |x Ubicación 4to Piso |y BK |z Estos recursos deben solicitarse con anticipación |k DER | ||
| 952 | |0 0 |1 0 |2 ddc |4 0 |6 340_100000000000000_FER_1966 |7 1 |8 C_AGB |9 584635 |a BIBDER |b BIBDER |d 2022-07-12 |e Donación |h t.I |i 5652660 |o 340.1 FER 1966 |p 5652660 |r 2023-01-25 |t 3 |w 2022-07-12 |y BK_US |k AGB | ||